| 000 | 00375nam a22001577a 4500 | ||
|---|---|---|---|
| 003 | OSt | ||
| 005 | 20210921154205.0 | ||
| 008 | 210921b |||||||| |||| 00| 0 eng d | ||
| 040 | _chu | ||
| 082 | _a142.3/yov | ||
| 100 |
_ayirrniyahu yovel _95762 |
||
| 245 | _akant and the poilosophy of history | ||
| 260 |
_anew jersey _bhall _c1980 |
||
| 300 | _a325 | ||
| 942 |
_2ddc _cBOOKS _n0 |
||
| 999 |
_c5620 _d5620 |
||